Cargos que pesan sobre el general don Jaime Ortega y que resultan de los procesos criminales de que conoce el Tribunal Supremo de Guerra y Marina, a instancia del auditor de Guerra José María Rodríguez. (Record no. 163729)

MARC details
000 -LEADER
campo de control de longitud fija 00983nam a22002055i 4500
001 - NÚMERO DE CONTROL
campo de control 163729
003 - IDENTIFICADOR DE NÚMERO DE CONTROL
campo de control ES-MaACL
005 - FECHA Y HORA DE LA ÚLTIMA TRANSACCIÓN
campo de control 20251118191310.0
008 - DATOS DE LONGITUD FIJA--INFORMACIÓN GENERAL
campo de control de longitud fija 001003s1856 sp |||| | spa d
100 1# - ENTRADA PRINCIPAL--NOMBRE DE PERSONA
Nombre de persona Rodríguez, José María
Títulos y otros términos asociados al nombre (auditor de guerra)
9 (RLIN) 171548
245 10 - MENCIÓN DEL TÍTULO
Título Cargos que pesan sobre el general don Jaime Ortega y que resultan de los procesos criminales de que conoce el Tribunal Supremo de Guerra y Marina, a instancia del auditor de Guerra José María Rodríguez.
260 ## - PUBLICACIÓN, DISTRIBUCIÓN, ETC.
Lugar de publicación, distribución, etc. Madrid :
Nombre del editor, distribuidor, etc. [s.n.],
Fecha de publicación, distribución, etc. 1856 (
Fabricante Imp. de Luis García)
300 ## - DESCRIPCIÓN FÍSICA
Extensión 32 p. ;
Dimensiones 22 cm.
530 ## - NOTA DISPONIBLE DE FORMULARIO FÍSICO ADICIONAL
Nota de formato físico adicional disponible Disponible en formato digital.
600 14 - PUNTO DE ACCESO ADICIONAL DE MATERIA--NOMBRE DE PERSONA
Nombre de persona Ortega, Jaime,
Fechas asociadas al nombre 1816-1860
9 (RLIN) 171549
710 1# - ENTRADA AGREGADA--NOMBRE DE ENTIDAD CORPORATIVA
Nombre de entidad corporativa o nombre de jurisdicción como elemento de entrada España.
Unidad subordinada Tribunal Supremo de Guerra y Marina.
9 (RLIN) 138861
852 4# - LOCALIZACIÓN
Ubicación ES-MaACL
Número de control de estantería T-18-F-3
Nota libre - Enc. hol.
-- - Enc. en un vol. facticio
856 4# - LOCALIZACIÓN Y ACCESO ELECTRÓNICOS
Identificador Uniforme de Recursos <a href="https://hermes.bbtk.ull.es/pandora/cgi-bin/Pandora.exe?id=0000001586">https://hermes.bbtk.ull.es/pandora/cgi-bin/Pandora.exe?id=0000001586</a>
Nota pública Patrimonio Bibliográfico Lacunense
Holdings
Estatus retirado Estado de pérdida Estado de daño No para préstamo Colección Biblioteca de origen Biblioteca actual Ubicación en estantería Fecha de adquisición Total de préstamos Signatura topográfica completa Código de barras Visto por última vez Precio de reemplazo Tipo de ítem Koha
        Colección de folletos Biblioteca del Ateneo de Madrid Biblioteca del Ateneo de Madrid Depósito folletos 17/01/2008   T-18-F-3 1171581 23/02/2023 23/02/2023 Folleto